The effect of coal mining activities on aquatic bodies, plants and the freshwater snail, Helisoma duryi in Hwange, Zimbabwe / (Record no. 172782)
[ view plain ]
| 000 -LEADER | |
|---|---|
| fixed length control field | 01334nam a2200301 4500 |
| 003 - CONTROL NUMBER IDENTIFIER | |
| control field | NUST |
| 005 - DATE AND TIME OF LATEST TRANSACTION | |
| control field | 20260424121803.0 |
| 008 - FIXED-LENGTH DATA ELEMENTS--GENERAL INFORMATION | |
| fixed length control field | 260424b |||||||| |||| 00| 0 eng d |
| 040 ## - CATALOGING SOURCE | |
| Original cataloging agency | NUST |
| Language of cataloging | eng |
| Transcribing agency | NUST |
| Modifying agency | NUST |
| Description conventions | rda |
| 050 ## - LIBRARY OF CONGRESS CALL NUMBER | |
| Classification number | TD195.C58 CHA |
| 100 ## - MAIN ENTRY--PERSONAL NAME | |
| Personal name | Change, Joanna Belladona. |
| Relator term | author. |
| 245 ## - TITLE STATEMENT | |
| Title | The effect of coal mining activities on aquatic bodies, plants and the freshwater snail, Helisoma duryi in Hwange, Zimbabwe / |
| Statement of responsibility | by Joanna Belladona Change. |
| 260 ## - PUBLICATION, DISTRIBUTION, ETC. | |
| Place of publication, distribution, etc. | Bulawayo, Zimbabwe : |
| Name of publisher, distributor, etc. | National University of Science and Technology , |
| Date of publication, distribution, etc. | ©2022. |
| 300 ## - PHYSICAL DESCRIPTION | |
| Extent | xvi, 87 pages : |
| Dimensions | 30 cm. |
| Other physical details | illustrations ; |
| 336 ## - CONTENT TYPE | |
| Source | rdacontent |
| Content type term | text |
| Content type code | txt |
| 337 ## - MEDIA TYPE | |
| Source | rdamedia |
| Media type term | unmediated |
| Media type code | n |
| 338 ## - CARRIER TYPE | |
| Source | rdacarrier |
| Carrier type term | volume |
| Carrier type code | nc |
| 500 ## - | |
| Typescript | A thesis for the degree of Master of Philosophy in Applied Biochemistry. |
| 501 ## - | |
| -- | (MPhil in Applied Biochemistry) National University of Science and Technology,2022. |
| 504 ## - BIBLIOGRAPHY, ETC. NOTE | |
| Bibliography, etc. note | Includes bibliographical references. |
| 650 ## - SUBJECT ADDED ENTRY--TOPICAL TERM | |
| Topical term or geographic name entry element | Coal mining |
| General subdivision | Environmental aspects |
| Geographic subdivision | Hwange, Zimbabwe . |
| 650 ## - SUBJECT ADDED ENTRY--TOPICAL TERM | |
| Topical term or geographic name entry element | Aquatic ecology |
| Geographic subdivision | Zimbabwe. |
| 650 ## - SUBJECT ADDED ENTRY--TOPICAL TERM | |
| Topical term or geographic name entry element | Freshwater snails |
| General subdivision | Helisoma duryi. |
| 650 ## - SUBJECT ADDED ENTRY--TOPICAL TERM | |
| Topical term or geographic name entry element | Environmental impact assessment. |
| 700 ## - ADDED ENTRY--PERSONAL NAME | |
| Personal name | Dr N Basopo. |
| Relator term | supervisor. |
| 700 ## - ADDED ENTRY--PERSONAL NAME | |
| Personal name | Prof A. H. Siwela. |
| Relator term | supervisor. |
| 942 ## - ADDED ENTRY ELEMENTS (KOHA) | |
| Source of classification or shelving scheme | Library of Congress Classification |
| Suppress in OPAC | No |
| Koha item type | 3-Hour Loan Material |
| Classification part | TD195.C58 |
| Call number prefix | TD |
| Call number suffix | CHA |
| 999 ## - | |
| -- | 172782 |
| -- | 172782 |
| Withdrawn status | Lost status | Source of classification or shelving scheme | Damaged status | Not for loan | Collection | Home library | Current library | Shelving location | Date acquired | Total Checkouts | Full call number | Barcode | Date last seen | Accession number | Price effective from | Koha item type |
|---|---|---|---|---|---|---|---|---|---|---|---|---|---|---|---|---|
| LCC | NFIC | MAIN | MAIN | GEN | 04/24/2026 | TD195.C58 CHA | 92004058419 | 04/24/2026 | SC25/1509 | 04/24/2026 | 3HOUR |